000 00422 a2200157 4500
005 20250526145155.0
020 _a978-0-07-304902-1
082 _a658.8 GRE
100 _aGREWAL, D.
245 _aMarketing.
260 _aNew York,
_bMcGraw-Hill,
_c2008.
300 _axxxiii, 599p.: ill.; picture
_bGlossary & Index
_c26cm
700 _aLEVY, M.
856 _yAccess Online Book
_fMarketing
_dwww.mhhe.com
942 _2ddc
_cBKS
999 _c2683
_d2683